000 01641nam0a2200361 4500
001 RU\NLR\BIBL_A\022276672
005 20260420012049.0
010 _a978-5-04-163480-3
_92000
021 _aRU
_bКН-П-24-032337
_9КН-П-24-3272
035 _a(NLR Aleph) 022276672
090 _a13660494
_c13660494
100 _a20240712d2024 u y0rusy50 ca
101 1 _arus
_ceng
102 _aRU
105 _aac z 000ey
181 0 _ai3
_baxxe
181 0 _ab2
_bxb2e
182 0 _an
200 1 _aПисьма к брату Тео
_fВинсент Ван Гог
_gперевод с английского: П. В. Мелкова
203 _aТекст
_aИзображение
_bвизуальные
_cнепосредственные
210 _aМосква
_cАСТ
_cВремена
_d2024
215 _a317, [2] с., [8] л. цв. ил., портр.
_cил.
_d21
225 1 _aСтраницы жизни
300 _aНа обороте тит. с. авт.: Винсент Ван Гог, великий нидерланд. художник-постимпрессионист
333 _a12+
600 1 _aВан Гог
_bВ.
_f1853 - 1890
_gВинсент
_jПереписка
_91226572
_3RU\NLR\AUTH\66181614
686 1 _aЩ143(4Фр)5-8Ван Гог13
700 1 _7ca
_8rus
_aВан Гог
_bВ.
_cхудожник
_f1853-1890
_gВинсент
_9118869
_3RU\NLR\AUTH\778999
702 1 _4660
_7ca
_8rus
_aВан Гог
_bТ.
_cторговец живописью
_f1857-1891
_gТео
_979373
_3RU\NLR\AUTH\7796447
942 _cBOOK
980 _aNB